[Event "Chess Masters 3rd"]
[Site "Enghien les Bains"]
[Date "1999.03.05"]
[Round "3"]
[White "Bauer, Christian"]
[Black "Bacrot, Etienne"]
[Result "0-1"]
[WhiteElo "2528"]
[BlackElo "2561"]
[PlyCount "56"]
[EventDate "1999.03.03"]
[Source "ChessBase"]
[SourceDate "1999.06.08"]

1. e4 e5 2. f4 exf4 3. Nc3 Qh4+ 4. Ke2 Qe7 5. d4 Nf6 6. e5 d6 7. Nf3 dxe5 8. dxe5 g5 9. Ke1 g4 10. Bxf4 gxf3 11. Qxf3 c6 12. Bc4 Bg7 13. Kd2 Ng4 14. Rae1 Be6 15. Bxe6 Qxe6 16. h3 Nh6 17. Ne4 O-O 18. Kc1 Nd7 19. Ng5 Qg6 20. e6 Nb6 21. h4 Nd5 22. Bd6 Rfd8 23. Ba3 Re8 24. Rh3 f6 25. Rg3 fxg5 26. Rxg5 Qf6 27. Qg3 Kh8 28. c4 Qf4+ 0-1

[Event "HUN-ch"]
[Site "Budapest"]
[Date "1995.??.??"]
[Round "9"]
[White "Horvath, Csaba"]
[Black "Horvath, Jozsef"]
[Result "1/2-1/2"]
[WhiteElo "2540"]
[BlackElo "2520"]
[PlyCount "26"]
[EventDate "1995.01.??"]
[Source "ChessBase"]

1. e4 e5 2. f4 exf4 3. Nc3 Qh4+ 4. Ke2 d5 5. Nxd5 Bg4+ 6. Nf3 Nc6 7. Nxc7+ Kd8 8. Nxa8 Ne5 9. h3 Bxf3+ 10. gxf3 Qg3 11. d3 Qxf3+ 12. Ke1 Qg3+ 13. Ke2 Qf3+ 1/2-1/2

[Event "European Club Cup 2002"]
[Site "?"]
[Date "2002.09.27"]
[Round "6.99"]
[White "Polzin Rainer"]
[Black "Blagojevic Dragisa"]
[Result "0-1"]
[WhiteElo "2462"]
[BlackElo "2537"]
[PlyCount "94"]
[EventDate "2002.??.??"]
[Source "www.chesslib.no"]
[SourceDate "2004.05.04"]

1. e4 e5 2. f4 exf4 3. Nc3 Qh4+ 4. Ke2 d6 5. Nf3 Bg4 6. d4 f5 7. Qd3 Nc6 8. exf5 O-O-O 9. Bxf4 Re8+ 10. Be3 Nf6 11. Kd2 Bxf3 12. gxf3 Nb4 13. Qb5 Rxe3 14. Kxe3 Nxc2+ 15. Kd3 Nxa1 16. Be2 Qf4 17. Rxa1 a6 18. Qa5 d5 19. Kc2 Qxf5+ 20. Bd3 Qe6 21. Kd2 Qd6 22. Re1 Qf4+ 23. Kc2 Qxd4 24. Rd1 Kb8 25. Bxa6 Qb4 26. Qxb4 Bxb4 27. Bd3 Bd6 28. Rg1 g6 29. Re1 Rf8 30. h3 c6 31. a3 Kc7 32. Ne2 Nh5 33. Nd4 Kd7 34. Kd1 Rf4 35. Ne6 Rxf3 36. Be2 Rg3 37. Bg4 Nf6 38. Nf8+ Kc7 39. Rf1 Nxg4 40. hxg4 Bxf8 41. Rxf8 h5 42. gxh5 gxh5 43. Rh8 Rh3 44. Kc2 h4 45. a4 Kb6 46. b4 Rh1 47. a5+ Ka7 0-1

[Event "Moscow"]
[Site "Moscow"]
[Date "1982.??.??"]
[Round "?"]
[White "Westerinen, Heikki MJ"]
[Black "Tseitlin, Mikhail S"]
[Result "1/2-1/2"]
[WhiteElo "2440"]
[BlackElo "2490"]
[PlyCount "93"]
[EventDate "1982.05.??"]
[Source "ChessBase"]

1. e4 e5 2. f4 exf4 3. Nc3 c6 4. d4 Qh4+ 5. Ke2 d5 6. Nf3 Bg4 7. Bxf4 Nf6 8. exd5 Nxd5 9. Nxd5 cxd5 10. Qe1 Qxe1+ 11. Rxe1 f6 12. Kd2+ Kd7 13. Bd3 Nc6 14. c3 Bd6 15. Bxd6 Kxd6 16. Re3 Bd7 17. Nh4 Ne7 18. h3 g5 19. Rf1 Raf8 20. Nf5+ Nxf5 21. Bxf5 Bxf5 22. Rxf5 h5 23. a4 h4 24. b3 Rh7 25. Kd3 Rg7 26. c4 dxc4+ 27. bxc4 g4 28. hxg4 Rxg4 29. Rd5+ Kc6 30. Re6+ Kc7 31. Re7+ Kc8 32. Rc5+ Kb8 33. Rcc7 Rg3+ 34. Kc2 Rxg2+ 35. Kc3 Rg3+ 36. Kb4 a5+ 37. Kxa5 Rb3 38. c5 h3 39. Rcd7 h2 40. Rh7 Rb2 41. Rd6 Rf7 42. Rh8+ Kc7 43. d5 Rd7 44. Rb6 Rxb6 45. cxb6+ Kd6 46. Rxh2 Kxd5 47. Rd2+ 1/2-1/2

[Event "Moscow"]
[Site "Moscow"]
[Date "1982.??.??"]
[Round "?"]
[White "Westerinen, Heikki MJ"]
[Black "Unzicker, Wolfgang"]
[Result "1/2-1/2"]
[WhiteElo "2440"]
[BlackElo "2455"]
[PlyCount "36"]
[EventDate "1982.05.??"]
[Source "ChessBase"]

1. e4 e5 2. f4 exf4 3. Nc3 Qh4+ 4. Ke2 d6 5. Nf3 Bg4 6. d4 Nf6 7. Bxf4 Nh5 8. Ke3 Qd8 9. Bc4 Be7 10. h3 Nxf4 11. Kxf4 Be6 12. Bxe6 fxe6 13. Kg3 O-O 14. d5 e5 15. Rf1 Nd7 16. Kh2 a6 17. Qe2 h6 18. Nd2 Nf6 1/2-1/2

[Event "Tenkes Kupa"]
[Site "Harkany"]
[Date "1994.??.??"]
[Round "6"]
[White "Totsky, Leonid"]
[Black "Rogic, Davor"]
[Result "0-1"]
[WhiteElo "2410"]
[BlackElo "2460"]
[PlyCount "106"]
[EventDate "1994.11.??"]
[Source "ChessBase"]

1. e4 e5 2. f4 exf4 3. Nc3 d6 4. Bc4 Be6 5. Bxe6 Qh4+ 6. g3 fxg3 7. Bxf7+ Kd8 8. Kf1 Nh6 9. Qh5 Qf6+ 10. Nf3 Qxf7 11. Qxf7 Nxf7 12. hxg3 Nc6 13. d4 Kd7 14. Kg2 Re8 15. Bf4 h6 16. Rad1 g5 17. Bc1 Bg7 18. Rhf1 Rhf8 19. d5 Nb4 20. Nd4 Bxd4 21. Rxd4 Nxc2 22. Rdd1 Ne5 23. Rxf8 Rxf8 24. Rh1 Nd3 25. Rd1 Rf2+ 26. Kg1 Rf3 27. Ne2 c5 28. dxc6+ bxc6 29. Rd2 Nxc1 30. Nxc1 Ne3 31. Nd3 Rxg3+ 32. Kf2 Rh3 33. Ne5+ Kc7 34. Nf7 Ng4+ 35. Kg1 Rg3+ 36. Kh1 Rh3+ 37. Kg1 Rg3+ 38. Kh1 Rd3 39. Rxd3 Nf2+ 40. Kg2 Nxd3 41. Nxh6 Nxb2 42. Nf7 Nd1 43. Nxg5 Nc3 44. a3 a5 45. Kf3 Nb5 46. a4 Nc3 47. Ne6+ Kb6 48. Ke3 Nxa4 49. Kd4 Nc5 50. Ng7 a4 51. Nf5 a3 52. Nxd6 a2 53. Nc4+ Kc7 0-1

[Event "Mesa Open"]
[Site "Mesa"]
[Date "1992.??.??"]
[Round "?"]
[White "Menvielle Lacourrelle, Augusto"]
[Black "Flear, Glenn C"]
[Result "0-1"]
[WhiteElo "2355"]
[BlackElo "2495"]
[PlyCount "86"]
[EventDate "1992.??.??"]
[Source "www.chesslib.no"]
[SourceDate "2004.05.04"]

1. e4 e5 2. f4 exf4 3. Nc3 Qh4+ 4. Ke2 d5 5. Nxd5 Bd6 6. Nf3 Bg4 7. d4 Nc6 8. Kd3 Qh5 9. c3 O-O-O 10. Be2 f5 11. e5 Bxe5 12. Nxf4 Bxf4 13. Bxf4 Nf6 14. Kc2 g5 15. h3 gxf4 16. hxg4 Qxg4 17. Ne5 Qxg2 18. Rg1 Qf2 19. Rf1 Qe3 20. Nxc6 Qe4+ 21. Bd3 Qxc6 22. Bxf5+ Kb8 23. Qf3 Qa4+ 24. b3 Qa5 25. Qxf4 Nd5 26. Qf3 Rhe8 27. b4 Qa4+ 28. Kd2 Re3 29. Qxd5 Rxd5 30. Kxe3 a5 31. bxa5 Qxa5 32. Ke4 Rd8 33. Kd3 Qa6+ 34. Kd2 c5 35. Bd3 Qh6+ 36. Kc2 cxd4 37. c4 Qh2+ 38. Kc1 Qh3 39. Kc2 Qg2+ 40. Kc1 Qg5+ 41. Kc2 Qg2+ 42. Kc1 Re8 43. Rb1 Qxa2 0-1

[Event "Bodensee-Cup"]
[Site "Germany"]
[Date "1996.??.??"]
[Round "2"]
[White "Ekstroem, Roland"]
[Black "Renner, Christoph"]
[Result "0-1"]
[WhiteElo "2415"]
[BlackElo "2430"]
[PlyCount "84"]
[EventDate "1996.??.??"]
[Source "ChessBase"]

1. e4 e5 2. f4 exf4 3. Nc3 Qh4+ 4. Ke2 d6 5. Nf3 Bg4 6. Nd5 Qd8 7. d4 Nf6 8. Bxf4 Nxe4 9. Qd3 f5 10. h3 Bh5 11. g4 Bf7 12. Ne3 Nc6 13. Nxf5 d5 14. Bg2 Qd7 15. Rae1 O-O-O 16. Ne5 Nxe5 17. Bxe5 h5 18. Rhf1 hxg4 19. hxg4 Bb4 20. c3 Bd6 21. Bxd6 cxd6 22. Kd1 Rh2 23. Rxe4 dxe4 24. Qxe4 Kb8 25. Nxd6 Bxa2 26. Nxb7 Rxg2 27. Nxd8 Bd5 28. Qe5+ Kc8 29. Nc6 Qxc6 30. Rf8+ Kb7 31. Qe7+ Qc7 32. Qb4+ Qb6 33. Qe7+ Ka6 34. Qa3+ Kb5 35. Rb8 Bb7 36. Qb3+ Kc6 37. Qe6+ Kb5 38. Qb3+ Kc6 39. Qe6+ Kb5 40. Qb3+ Kc6 41. Qc4+ Kd6 42. Qf1 Qb3+ 0-1

[Event "It Open"]
[Site "Police"]
[Date "1993.??.??"]
[Round "5"]
[White "Kiselev, Gennady"]
[Black "Weglarz, Leszek"]
[Result "1/2-1/2"]
[WhiteElo "2435"]
[BlackElo "2375"]
[PlyCount "67"]
[EventDate "1993.??.??"]
[Source "www.chesslib.no"]
[SourceDate "2004.05.04"]

1. e4 e5 2. f4 exf4 3. Nc3 Ne7 4. Bc4 Ng6 5. Nf3 Be7 6. O-O c6 7. d4 O-O 8. Bb3 Kh8 9. Ne5 Nxe5 10. dxe5 d6 11. Bxf4 dxe5 12. Bxe5 Nd7 13. Bg3 Qe8 14. e5 Nc5 15. Qd4 Bd7 16. Kh1 Nxb3 17. axb3 c5 18. Qe4 Bc6 19. Nd5 Qd7 20. c4 Qe6 21. Rad1 Rad8 22. Rd3 f5 23. Qf3 f4 24. Nxf4 Bxf3 25. Nxe6 Rxd3 26. Nxf8 Be2 27. Re1 Bg4 28. e6 Bxf8 29. e7 Bxe7 30. Rxe7 Rd1+ 31. Be1 Kg8 32. h3 Bf5 33. Kh2 Rd7 34. Re5 1/2-1/2

[Event "IV It GM, Hampstead ENG"]
[Site "?"]
[Date "1998.??.??"]
[Round "5"]
[White "Wall, T."]
[Black "Ippolito, D."]
[Result "1-0"]
[WhiteElo "2370"]
[BlackElo "2430"]
[PlyCount "45"]
[EventDate "1998.??.??"]
[Source "www.chesslib.no"]
[SourceDate "2004.05.04"]

1. e4 e5 2. f4 exf4 3. Nc3 Qh4+ 4. Ke2 d6 5. Nf3 Bg4 6. d4 g5 7. Nd5 Kd8 8. Kd3 c6 9. Qd2 Bxf3 10. Qa5+ b6 11. Nxb6 Bxe4+ 12. Kxe4 axb6 13. Qxa8 Qe1+ 14. Kd3 Kc8 15. Bxf4 Qxa1 16. Be2 Qxh1 17. Bg4+ f5 18. Bxf5+ Kc7 19. Qa7+ Kd8 20. Qxb8+ Ke7 21. Qxd6+ Kf7 22. Qe6+ Kg7 23. Be5+ 1-0

[Event "ASEAN Masters Circuit GMA"]
[Site "Tarakan INA"]
[Date "2008.01.16"]
[Round "8"]
[White "Tirto"]
[Black "Purnama, T."]
[Result "1-0"]
[WhiteElo "2413"]
[BlackElo "2383"]
[PlyCount "79"]
[EventDate "2008.01.08"]
[Source "www.chesslib.no"]
[SourceDate "2004.05.04"]

1. e4 e5 2. f4 exf4 3. Nc3 Ne7 4. d4 d5 5. e5 Ng6 6. Nf3 Be7 7. Bd3 O-O 8. O-O Nc6 9. Ne2 Nb4 10. Nxf4 Nxd3 11. Qxd3 c6 12. h3 Be6 13. c3 a5 14. Nh5 h6 15. Be3 Qd7 16. Qd2 Kh7 17. Rf2 f5 18. exf6 Bxf6 19. Raf1 Rf7 20. Nh2 Bh4 21. Rxf7 Bxf7 22. Bxh6 gxh6 23. Ng4 Bg5 24. Ngf6+ Kh8 25. Nxd7 Bxd2 26. Rxf7 Re8 27. Nhf6 Re7 28. Rxe7 Nxe7 29. Ne5 a4 30. a3 Kg7 31. Nfd7 Bc1 32. Nd3 Be3+ 33. Kf1 b5 34. Ke2 Bg5 35. N7e5 Kf6 36. g3 Kf5 37. Kf3 Bf6 38. g4+ Ke6 39. Nc5+ Kd6 40. Nf7+ 1-0

[Event "Cheliabinsk-B"]
[Site "Chelyabinsk RUS"]
[Date "1990.??.??"]
[Round "?"]
[White "Garkov, Mitko"]
[Black "Varavin, Viktor"]
[Result "0-1"]
[WhiteElo "2315"]
[BlackElo "2445"]
[PlyCount "46"]
[EventDate "1990.??.??"]
[Source "www.chesslib.no"]
[SourceDate "2004.05.04"]

1. e4 e5 2. f4 exf4 3. Nc3 Qh4+ 4. Ke2 g5 5. Nf3 Qh5 6. d4 Bg7 7. h3 Ne7 8. Kf2 O-O 9. Be2 d6 10. Rf1 Qg6 11. Bd3 Nbc6 12. Ne2 f5 13. exf5 Bxf5 14. Bxf5 Nxf5 15. d5 Ne5 16. Nfd4 Nxd4 17. Nxd4 g4 18. hxg4 Nxg4+ 19. Kg1 Qh5 20. Nf3 Rf6 21. Re1 Rh6 22. Kf1 Qh1+ 23. Ng1 Rg6 0-1

[Event "Corr"]
[Site "?"]
[Date "1999.??.??"]
[Round "?"]
[White "Larsson Erik Jakob"]
[Black "Bouchez Dominique"]
[Result "1-0"]
[WhiteElo "2335"]
[BlackElo "2392"]
[PlyCount "31"]
[EventDate "1999.??.??"]
[Source "www.chesslib.no"]
[SourceDate "2004.05.04"]

1. e4 e5 2. f4 exf4 3. Nc3 Qh4+ 4. Ke2 d5 5. Nxd5 Bg4+ 6. Nf3 Bd6 7. d4 Bxf3+ 8. gxf3 c6 9. Nc3 Nd7 10. Qe1 Qh6 11. Kd1 Bc7 12. Bc4 O-O-O 13. Bd2 Nb6 14. Bxf7 Rxd4 15. Qf2 Rd7 16. Bb3 1-0

[Event "FIN Team Ch 9596"]
[Site "Finland"]
[Date "1996.??.??"]
[Round "3"]
[White "Maki-Uuro, Miikka"]
[Black "Sepp, Olav"]
[Result "1-0"]
[WhiteElo "2265"]
[BlackElo "2440"]
[PlyCount "47"]
[EventDate "1995.??.??"]
[Source "www.chesslib.no"]
[SourceDate "2004.05.04"]

1. e4 e5 2. f4 exf4 3. Nc3 d6 4. Bc4 Be6 5. Bxe6 fxe6 6. d4 Qh4+ 7. Kf1 Nd7 8. Nf3 Qf6 9. g3 fxg3 10. hxg3 Be7 11. Kg2 Qg6 12. Qe2 O-O-O 13. a4 Ngf6 14. Ng5 Nf8 15. a5 a6 16. b4 c6 17. d5 Ne8 18. dxc6 Bxg5 19. cxb7+ Kxb7 20. b5 Nc7 21. bxa6+ Kc8 22. Qc4 Nd7 23. Qc6 Nc5 24. a7 1-0

[Event "Las Palmas2"]
[Site "Las Palmas ESP"]
[Date "1993.??.??"]
[Round "?"]
[White "Menvielle Lacourrelle, Augusto"]
[Black "Brito Garcia, Alfredo"]
[Result "0-1"]
[WhiteElo "2330"]
[BlackElo "2370"]
[PlyCount "54"]
[EventDate "1993.??.??"]
[Source "www.chesslib.no"]
[SourceDate "2004.05.04"]

1. e4 e5 2. f4 exf4 3. Nc3 Qh4+ 4. Ke2 d5 5. Nxd5 Bg4+ 6. Nf3 Nc6 7. Nxc7+ Kd8 8. Nxa8 Ne5 9. h3 Bh5 10. d4 Nxf3 11. gxf3 Bxf3+ 12. Kxf3 Qh5+ 13. Kg2 Qxd1 14. Bd3 Qh5 15. Bxf4 Nf6 16. Rae1 Bb4 17. c3 Ba5 18. b4 Qg6+ 19. Kh2 Nh5 20. Be5 f6 21. Bd6 Qh6 22. Rd1 Kd7 23. Bg3 Nxg3 24. Kxg3 Bd8 25. e5 Qg5+ 26. Kf3 fxe5 27. dxe5 Kc8 0-1

[Event "Moscow5-B"]
[Site "Moscow"]
[Date "1991.??.??"]
[Round "?"]
[White "Amidzic, Ognjen"]
[Black "Gavrilov, Alexei"]
[Result "0-1"]
[WhiteElo "2370"]
[BlackElo "2325"]
[PlyCount "50"]
[EventDate "1991.05.??"]
[Source "ChessBase"]

1. e4 e5 2. f4 exf4 3. Nc3 c6 4. Bc4 Nf6 5. e5 d5 6. Be2 Ng4 7. Nf3 d4 8. Ne4 Bf5 9. Nf2 Nxf2 10. Kxf2 d3 11. cxd3 Bc5+ 12. Kf1 O-O 13. Qc2 Bd4 14. Nxd4 Qxd4 15. Qc3 c5 16. b4 Qxb4 17. Qxb4 cxb4 18. h4 Nc6 19. Bb2 Rad8 20. h5 Bxd3 21. Bxd3 Rxd3 22. Ke2 Rd5 23. Rh4 Rfd8 24. Rd1 Nxe5 25. Rxf4 Nd3 0-1

[Event "Europa ch 2008"]
[Site "Plovdiv BUL"]
[Date "2008.04.21"]
[Round "1.151"]
[White "Arnaudov, Petar D"]
[Black "Blagojevic, Dragisa"]
[Result "0-1"]
[WhiteElo "2162"]
[BlackElo "2532"]
[PlyCount "48"]
[EventDate "2008.04.21"]
[Source "www.chesslib.no"]
[SourceDate "2004.05.04"]

1. e4 e5 2. f4 exf4 3. Nc3 Qh4+ 4. Ke2 d6 5. Nf3 Bg4 6. Nd5 Na6 7. d4 Ne7 8. Nxf4 g5 9. Nd3 f5 10. Nf2 Bg7 11. Nxg4 Qxg4 12. h3 Qh5 13. g4 fxg4 14. Nxg5 O-O 15. Bg2 gxh3+ 16. Bf3 Rxf3 17. Nxf3 Rf8 18. Qd3 Bh6 19. Qb3+ Kh8 20. Rf1 Nc6 21. Be3 h2 22. Rf2 h1=Q 23. Rxh1 Qxh1 24. c3 Qb1 0-1

[Event "Corr"]
[Site "?"]
[Date "1999.??.??"]
[Round "?"]
[White "Larsson Erik Jakob"]
[Black "Canibal Jaromir"]
[Result "0-1"]
[WhiteElo "2298"]
[BlackElo "2386"]
[PlyCount "34"]
[EventDate "1999.??.??"]
[Source "www.chesslib.no"]
[SourceDate "2004.05.04"]

1. e4 e5 2. f4 exf4 3. Nc3 Qh4+ 4. Ke2 Qe7 5. d3 Nf6 6. Bxf4 d5 7. Bg5 dxe4 8. Nxe4 Bg4+ 9. Nf3 Nbd7 10. Qe1 h6 11. Bxf6 Nxf6 12. Kd2 O-O-O 13. Nxf6 Qxf6 14. Qe5 Qb6 15. Kc1 Bd6 16. Qe4 f5 17. Qe6+ Kb8 0-1

[Event "Helsinki Ch"]
[Site "Helsinki FIN"]
[Date "1994.??.??"]
[Round "?"]
[White "Sammalvuo, Tapani"]
[Black "Hermlin, Aarne"]
[Result "1-0"]
[WhiteElo "2280"]
[BlackElo "2365"]
[PlyCount "39"]
[EventDate "1994.??.??"]
[Source "www.chesslib.no"]
[SourceDate "2004.05.04"]

1. e4 e5 2. f4 exf4 3. Nc3 Be7 4. Bc4 Bh4+ 5. Kf1 d5 6. Nxd5 Nf6 7. d3 Nxd5 8. Bxd5 c6 9. Bb3 a5 10. a4 O-O 11. g3 fxg3 12. hxg3 Bg5 13. Qh5 h6 14. Bxg5 Qxg5 15. Qxg5 hxg5 16. Nf3 g4 17. Ne5 Be6 18. Bxe6 fxe6+ 19. Kg2 Rd8 20. Raf1 1-0

[Event "Naleczow Open"]
[Site "Naleczow"]
[Date "1989.??.??"]
[Round "?"]
[White "Grabarczyk, Bogdan"]
[Black "Przedmojski, Rafal"]
[Result "1/2-1/2"]
[WhiteElo "2345"]
[BlackElo "2300"]
[PlyCount "23"]
[EventDate "1989.??.??"]
[Source "www.chesslib.no"]
[SourceDate "2004.05.04"]

1. e4 e5 2. f4 exf4 3. Nc3 Qh4+ 4. Ke2 d5 5. Nxd5 Bg4+ 6. Nf3 Nc6 7. Nxc7+ Kd8 8. Nxa8 Ne5 9. h3 Bxf3+ 10. gxf3 Qg3 11. d4 Qxf3+ 12. Ke1 1/2-1/2

[Event "GER Team Ch U20"]
[Site "GER"]
[Date "1996.??.??"]
[Round "?"]
[White "Ullrich, Farid-Raoul"]
[Black "Hoffmann, Michael"]
[Result "0-1"]
[WhiteElo "2170"]
[BlackElo "2460"]
[PlyCount "64"]
[EventDate "1996.??.??"]
[Source "www.chesslib.no"]
[SourceDate "2004.05.04"]

1. e4 e5 2. f4 exf4 3. Nc3 Qh4+ 4. Ke2 d6 5. Nf3 Bg4 6. d4 Nf6 7. Bxf4 Bxf3+ 8. Kxf3 g5 9. Bg3 Qg4+ 10. Ke3 Qd7 11. Bc4 Nc6 12. h4 Bh6 13. h5 O-O-O 14. Qf1 Bg7 15. Bb5 Ng4+ 16. Kd3 Nb4+ 17. Kc4 Ne3+ 18. Kxb4 c5+ 19. Ka4 Qc7 20. Qd3 a6 21. Bxa6 bxa6 22. Qxa6+ Kd7 23. Nb5 Qc6 24. Qxc6+ Kxc6 25. d5+ Kb6 26. Nxd6 Rxd6 27. Bxd6 Nc4 28. e5 Nd2 29. Bxc5+ Kxc5 30. b4+ Kb6 31. b5 Kc5 32. Ka3 Bxe5 0-1

[Event "TCh-FIN 2007-8"]
[Site "Finland FIN"]
[Date "2008.02.10"]
[Round "7"]
[White "Maki Uuro, Mi"]
[Black "Pihlajasalo, H."]
[Result "1/2-1/2"]
[WhiteElo "2387"]
[BlackElo "2241"]
[PlyCount "28"]
[EventDate "2008.01.01"]
[Source "www.chesslib.no"]
[SourceDate "2004.05.04"]

1. e4 e5 2. f4 exf4 3. Nc3 Qh4+ 4. Ke2 d5 5. Nxd5 Bg4+ 6. Nf3 Nc6 7. Nxc7+ Kd8 8. Nxa8 Ne5 9. h3 Bxf3+ 10. gxf3 Qg3 11. d4 Qxf3+ 12. Ke1 Qg3+ 13. Ke2 Qf3+ 14. Ke1 Qg3+ 1/2-1/2

[Event "Jyvaskyla We JyS"]
[Site "Jyvaskyla"]
[Date "1999.??.??"]
[Round "5"]
[White "Maki Uuro, Miikka"]
[Black "Nevanlinna, Risto"]
[Result "1-0"]
[WhiteElo "2355"]
[BlackElo "2267"]
[PlyCount "83"]
[EventDate "1999.??.??"]
[Source "www.chesslib.no"]
[SourceDate "2004.05.04"]

1. e4 e5 2. f4 exf4 3. Nc3 Qh4+ 4. Ke2 Bc5 5. d4 Bb6 6. Nf3 Qe7 7. Bxf4 d5 8. Kf2 dxe4 9. Nxe4 Nf6 10. Bb5+ Nc6 11. Bxc6+ bxc6 12. Nxf6+ Qxf6 13. Be5 Qg6 14. c4 Rb8 15. b4 O-O 16. Qd2 a6 17. c5 Ba7 18. Rhe1 Be6 19. Bxc7 Rbc8 20. Bd6 Rfd8 21. Re3 Bd5 22. Rae1 h6 23. Kg1 Rxd6 24. cxd6 Qxd6 25. Qd3 Rf8 26. Qxa6 Bb8 27. Re8 Rxe8 28. Rxe8+ Kh7 29. Qc8 Bc7 30. Qf5+ g6 31. Qe5 Qxe5 32. Nxe5 Bb6 33. a4 Bxd4+ 34. Kh1 h5 35. a5 Kg7 36. a6 h4 37. h3 Kf6 38. Nd7+ Kf5 39. Nc5 Kf4 40. a7 Kg3 41. Re2 Bf2 42. Rxf2 1-0

[Event "2.Bundesliga West 04/05"]
[Site "Austria"]
[Date "2004.12.05"]
[Round "5"]
[White "Grundherr, Martin"]
[Black "Bayer, Bernhard"]
[Result "1/2-1/2"]
[WhiteElo "2315"]
[BlackElo "2300"]
[PlyCount "54"]
[EventDate "2004.12.03"]
[Source "Roberto Alvarez"]
[SourceDate "2004.12.13"]

1. e4 e5 2. f4 exf4 3. Nc3 Qh4+ 4. Ke2 c6 5. Nf3 Qh5 6. d4 g5 7. Kf2 d6 8. Bc4 g4 9. Ne1 b5 10. Bd3 Bg7 11. Ne2 g3+ 12. Kf1 Qxh2 13. Rg1 Bg4 14. Bxf4 Bxd4 15. Nxd4 Bxd1 16. Rxd1 Qh5 17. Nef3 Ne7 18. Bxd6 Nd7 19. Ke2 Nb6 20. Rh1 Qg6 21. e5 Qg4 22. Bxe7 Kxe7 23. Nf5+ Kf8 24. Rh4 Qg6 25. Rh6 Qg4 26. Rh4 Qg6 27. Rh6 Qg4 1/2-1/2

[Event "BL2-S 9495"]
[Site "GER"]
[Date "1995.??.??"]
[Round "?"]
[White "Ullrich, Frank"]
[Black "Neunhoeffer, Helmut"]
[Result "0-1"]
[WhiteElo "2250"]
[BlackElo "2320"]
[PlyCount "90"]
[EventDate "1994.??.??"]
[Source "www.chesslib.no"]
[SourceDate "2004.05.04"]

1. e4 e5 2. f4 exf4 3. Nc3 Qh4+ 4. Ke2 d5 5. Nxd5 Bd6 6. Nf3 Bg4 7. d4 Nc6 8. c3 Nf6 9. Kd3 Nxd5 10. exd5 Bf5+ 11. Ke2 Qe7+ 12. Kf2 Nd8 13. Bb5+ c6 14. Re1 Be4 15. dxc6 O-O 16. cxb7 Qxb7 17. Ba6 Qc6 18. Qe2 Bxf3 19. Qxf3 Qxf3+ 20. Kxf3 g5 21. h4 h6 22. Bc4 Kg7 23. Bd2 Rb8 24. b3 Nc6 25. Re2 Ne7 26. g3 fxg3 27. hxg5 hxg5 28. Bxg5 Ng6 29. Rh1 Rh8 30. Rxh8 Rxh8 31. Bd3 Rh1 32. Bxg6 Kxg6 33. Bd2 Kh5 34. c4 Kh4 35. c5 Bb8 36. d5 Kh3 37. d6 Rf1+ 38. Ke4 f5+ 39. Kd5 Rf2 40. Re8 Rxd2+ 41. Kc6 Bxd6 42. Rh8+ Kg2 43. cxd6 f4 44. d7 f3 45. d8=Q Rxd8 0-1

[Event "ACCOM Open"]
[Site "Haarlem NED"]
[Date "1991.??.??"]
[Round "5"]
[White "Spaan, Martijn"]
[Black "Hauwert, Nicolaas"]
[Result "0-1"]
[WhiteElo "2350"]
[BlackElo "2205"]
[PlyCount "75"]
[EventDate "1991.??.??"]
[Source "www.chesslib.no"]
[SourceDate "2004.05.04"]

1. e4 e5 2. f4 exf4 3. Nc3 Be7 4. Bc4 d6 5. d4 Nf6 6. Bxf4 O-O 7. Qe2 Be6 8. Bd3 c5 9. Nf3 cxd4 10. Nxd4 Bg4 11. Qd2 Nc6 12. Nxc6 bxc6 13. O-O Qb6+ 14. Kh1 Nd7 15. Bc4 Qxb2 16. Rab1 Qa3 17. Rb7 Bf6 18. Bxd6 Qxc3 19. Qxc3 Bxc3 20. Bxf8 Rxf8 21. h3 Ne5 22. Bb3 Bh5 23. Rxa7 Bg6 24. Ra4 Rd8 25. Bc4 h5 26. Be2 Rd2 27. Bf3 Rxc2 28. Rd1 Kh7 29. Ra8 Nxf3 30. gxf3 Be5 31. a4 h4 32. a5 Bh5 33. Rf1 Rh2+ 34. Kg1 Rxh3 35. a6 Bxf3 36. Rd8 Bc7 37. Rxf3 Rxf3 38. Rd7 0-1

[Event "Bad Bevensen Ch U17"]
[Site "Bad Bevensen"]
[Date "1994.??.??"]
[Round "5"]
[White "Ullrich, Farid-Raoul"]
[Black "Lytchak, Alexander"]
[Result "1-0"]
[WhiteElo "2250"]
[BlackElo "2255"]
[PlyCount "113"]
[EventDate "1994.??.??"]
[Source "www.chesslib.no"]
[SourceDate "2004.05.04"]

1. e4 e5 2. f4 exf4 3. Nc3 d5 4. Nxd5 Qh4+ 5. Ke2 Bg4+ 6. Nf3 Bd6 7. d4 Nc6 8. c3 Nge7 9. Kd3 f5 10. Nxh4 fxe4+ 11. Kxe4 Bxd1 12. Nxe7 Bc2+ 13. Bd3 Bxd3+ 14. Kxd3 Nxe7 15. Re1 O-O 16. Bd2 c5 17. Re6 Rad8 18. Rae1 Nd5 19. Nf3 Rd7 20. c4 Nc7 21. R6e4 cxd4 22. Rxd4 Rfd8 23. Kc3 b5 24. Bxf4 Bxf4 25. Rxf4 bxc4 26. Rxc4 Nd5+ 27. Kc2 Nf6 28. b4 h6 29. Kb3 Rb7 30. Re5 Rd3+ 31. Rc3 Rd1 32. a3 Kh7 33. Rec5 Rb6 34. Ra5 Rb7 35. Ne5 Nd5 36. Rc2 Nb6 37. Nc6 Rd3+ 38. Kb2 Rdd7 39. Ka2 Nd5 40. Ne5 Rd6 41. Kb3 Nb6 42. Nc6 Rd3+ 43. Kb2 Rdd7 44. Ra6 Rbc7 45. Nxa7 Rxa7 46. Rxb6 Rd3 47. Rc3 Rd2+ 48. Kb3 Rxg2 49. h3 h5 50. Re6 h4 51. b5 Rg3 52. Ree3 Rxe3 53. Rxe3 g5 54. Kb4 Kg6 55. b6 Rh7 56. Re4 Kf5 57. Rg4 1-0

[Event "Oberliga Nord W 9495"]
[Site "GER"]
[Date "1995.04.02"]
[Round "7.3"]
[White "Brettschneider, Stefan"]
[Black "Autenrieth, Michael"]
[Result "0-1"]
[WhiteElo "2205"]
[BlackElo "2265"]
[PlyCount "67"]
[EventDate "1994.10.??"]
[Source "www.chesslib.no"]
[SourceDate "2004.05.04"]

1. e4 e5 2. f4 exf4 3. Nc3 Qh4+ 4. Ke2 c6 5. d4 g5 6. Nf3 Qh5 7. g4 Qg6 8. h4 d6 9. hxg5 Bxg4 10. Bxf4 Nd7 11. Qd3 O-O-O 12. Kd2 h6 13. Nh4 Qg7 14. Be2 hxg5 15. Rag1 Rxh4 16. Rxh4 gxh4 17. Rxg4 Qh8 18. Bf1 Ngf6 19. Rg1 Nh5 20. Be3 Bh6 21. Ne2 Ne5 22. Qb3 Nf3+ 23. Kd1 Nxg1 24. Bxg1 Qf6 25. Bh3+ Kb8 26. Bf5 Qg5 27. Ke1 Ng3 28. Nxg3 hxg3 29. Qd3 Qc1+ 30. Qd1 Qf4 31. d5 c5 32. Ke2 Re8 33. Kd3 Qh4 34. Qf1 0-1

[Event "Salo op"]
[Site "?"]
[Date "1999.??.??"]
[Round "3"]
[White "Henriksson Svante"]
[Black "Hermlin Aarne"]
[Result "0-1"]
[WhiteElo "2182"]
[BlackElo "2277"]
[PlyCount "117"]
[EventDate "1999.??.??"]
[Source "www.chesslib.no"]
[SourceDate "2004.05.04"]

1. e4 e5 2. f4 exf4 3. Nc3 Qh4+ 4. Ke2 d5 5. Nxd5 Bg4+ 6. Nf3 Nc6 7. Nxc7+ Kd8 8. Nxa8 Ne5 9. h3 Nxf3 10. hxg4 Nd4+ 11. Kd3 Qxh1 12. Kxd4 Nf6 13. c3 h5 14. g5 Ng4 15. Kc4 Nh2 16. Be2 Qxg2 17. d4 Qxe4 18. Bd2 f3 19. Bf1 Bd6 20. Kb3 Nxf1 21. Qxf1 Qe2 22. Kc2 h4 23. Qxe2 fxe2 24. Kd3 Re8 25. Be3 Bg3 26. Kxe2 Bf4 27. Kf3 Bxe3 28. Re1 h3 29. d5 Kd7 30. c4 Bxg5 31. Rxe8 Kxe8 32. Nc7+ Kd7 33. Nb5 a6 34. Nc3 Bf6 35. Kg3 Bxc3 36. bxc3 Kd6 37. a4 g5 38. Kxh3 f5 39. Kg3 Ke5 40. a5 Kd6 41. Kf3 Kc5 42. Ke3 g4 43. Kf4 Kd6 44. Kg3 Ke5 45. Kh4 Kd6 46. Kg3 Kc5 47. Kf4 b6 48. axb6 Kxb6 49. d6 Kc6 50. c5 Kd7 51. Ke5 g3 52. c6+ Kxc6 53. Ke6 g2 54. d7 g1=Q 55. d8=Q Qc5 56. Qe8+ Kb6 57. Qd8+ Kb5 58. Qd2 a5 59. Qe2+ 0-1